000 00441nam a2200169Ia 4500
005 20250508150921.0
008 008 250505s9999 xx 000 0 eng d
037 _aTextual
040 _aFEDL
_beng
_cFEDL
041 _aeng
_2eng
084 _a920, ROL
_qFEDL
245 0 _aRolland and Tagore
260 _aCalcutta, India
_bVisva-Bharati
_c1945
300 _a104p
942 _cTEXL
_h920, ROL
999 _c1326451
_d1326451